<?xml version="1.0" encoding="UTF-8"?>
<record
    xmlns:xsi="http://www.w3.org/2001/XMLSchema-instance"
    xsi:schemaLocation="http://www.loc.gov/MARC21/slim http://www.loc.gov/standards/marcxml/schema/MARC21slim.xsd"
    xmlns="http://www.loc.gov/MARC21/slim">

  <leader>01640nam a22002417a 4500</leader>
  <datafield tag="999" ind1=" " ind2=" ">
    <subfield code="c">6241</subfield>
    <subfield code="d">6241</subfield>
  </datafield>
  <controlfield tag="003">DO-SdBJH</controlfield>
  <controlfield tag="005">20210528182711.0</controlfield>
  <controlfield tag="008">210528b           ||||| |||| 00| 0 spa d</controlfield>
  <datafield tag="040" ind1=" " ind2=" ">
    <subfield code="a">DO-SdBJH</subfield>
    <subfield code="b">spa</subfield>
    <subfield code="c">DO-SdBJH</subfield>
  </datafield>
  <datafield tag="090" ind1=" " ind2=" ">
    <subfield code="a">TG AAGBPFAFM</subfield>
    <subfield code="b">01502 2018</subfield>
  </datafield>
  <datafield tag="100" ind1="1" ind2=" ">
    <subfield code="a">Dif&#xF3; Caraballo, Henrry Amin</subfield>
    <subfield code="e">sustentante</subfield>
  </datafield>
  <datafield tag="245" ind1="1" ind2="0">
    <subfield code="a">Intervenci&#xF3;n de la FARD en apoyo a la Polic&#xED;a Nacional en las operaciones de seguridad ciudadana / </subfield>
    <subfield code="c">Henrry Amin Dif&#xF3; Caraballo, Noelia Manzanillo Figueroa, asesores Erys H. Tavares Terrero, Tebi Rodr&#xED;guez</subfield>
  </datafield>
  <datafield tag="260" ind1=" " ind2=" ">
    <subfield code="a">Santo Domingo Este :</subfield>
    <subfield code="b">INSUDE, </subfield>
    <subfield code="c">2018</subfield>
  </datafield>
  <datafield tag="300" ind1=" " ind2=" ">
    <subfield code="a">xiv, 93 p&#xE1;ginas</subfield>
  </datafield>
  <datafield tag="502" ind1=" " ind2=" ">
    <subfield code="a">Trabajo de grado (Licenciatura en Ciencias  Aeron&#xE1;uticas). -- Instituto Superior para la Defensa (INSUDE). Academia A&#xE9;rea Gral. De Brig. Pil. Frank A. Feliz Miranda, 2018</subfield>
  </datafield>
  <datafield tag="504" ind1=" " ind2=" ">
    <subfield code="a">Incluye referencias bibliogr&#xE1;ficas e &#xED;ndices</subfield>
  </datafield>
  <datafield tag="505" ind1=" " ind2=" ">
    <subfield code="a">Antecedentes hist&#xF3;ricos de la Fuerza A&#xE9;rea y Polic&#xED;a Nacional en las operaciones de la seguridad ciudadana. -- Aspectos generales de la fuerza A&#xE9;rea de Rep&#xFA;blica Dominicana (F.A.R.D) en apoyo a la Polic&#xED;a Nacional (P.N) en las operaciones de seguridad ciudadana. -- Establecer la importancia de la intervenci&#xF3;n de la Fuerza A&#xE9;rea de Rep&#xFA;blica Dominicana (F.A.R.D) en apoyo a la Polic&#xED;a Nacional (P.N) en las operaciones de seguridad ciudadana, a partir del 2018</subfield>
  </datafield>
  <datafield tag="700" ind1="1" ind2=" ">
    <subfield code="a"> Manzanillo Figueroa, Noelia</subfield>
    <subfield code="e">sustentante</subfield>
  </datafield>
  <datafield tag="700" ind1="1" ind2=" ">
    <subfield code="a"> Tavares Terrero, Erys H.</subfield>
    <subfield code="e">asesor</subfield>
  </datafield>
  <datafield tag="700" ind1="1" ind2=" ">
    <subfield code="a"> Rodr&#xED;guez, Tebi</subfield>
    <subfield code="e">asesor</subfield>
  </datafield>
  <datafield tag="830" ind1=" " ind2=" ">
    <subfield code="a">INSUDE. Academia A&#xE9;rea Gral. De Brig. Pil. Frank A. Feliz Miranda. Tesis y disertaciones acad&#xE9;micas</subfield>
  </datafield>
  <datafield tag="942" ind1=" " ind2=" ">
    <subfield code="2">CL</subfield>
    <subfield code="c">T</subfield>
  </datafield>
  <datafield tag="952" ind1=" " ind2=" ">
    <subfield code="0">0</subfield>
    <subfield code="1">0</subfield>
    <subfield code="2">CL</subfield>
    <subfield code="4">0</subfield>
    <subfield code="7">1</subfield>
    <subfield code="8">TG</subfield>
    <subfield code="a">BJHA</subfield>
    <subfield code="b">BJHA</subfield>
    <subfield code="d">2021-05-28</subfield>
    <subfield code="i">01502</subfield>
    <subfield code="l">0</subfield>
    <subfield code="o">TG AAGBPFAFM 01502 2018</subfield>
    <subfield code="p">01502</subfield>
    <subfield code="r">2021-05-28 00:00:00</subfield>
    <subfield code="t">e.1</subfield>
    <subfield code="w">2021-05-28</subfield>
    <subfield code="y">T</subfield>
  </datafield>
</record>
